Normal view
MARC view
- Firaq Gorakhpuri, 1896–1982 — Collected works
Entry Topical Term
001 - CONTROL NUMBER
- control field: 129563
003 - CONTROL NUMBER IDENTIFIER
- control field: NUST
005 - DATE AND TIME OF LATEST TRANSACTION
- control field: 20250709160046.0
008 - FIXED-LENGTH DATA ELEMENTS
- fixed length control field: 250709|| aca||aabn | a|a d
040 ## - CATALOGING SOURCE
- Original cataloging agency: NUST
- Transcribing agency: NUST
150 ## - HEADING--TOPICAL TERM
- Topical term or geographic name entry element: Firaq Gorakhpuri, 1896–1982 — Collected works
670 ## - SOURCE DATA FOUND
- Source citation: Work cat.: (NUST): Tabish, Abass 129562, Kulliyat-e-Firaq Gorakhpuri /, 2014
